| 000 | 00765cab a2200253 4500 | ||
|---|---|---|---|
| 001 | WB3002-20 | ||
| 008 | 090401t1994 xxu||||| |||| 00| 0 eng d | ||
| 035 | _a(Sirsi) u47426 | ||
| 041 | _aeng | ||
| 245 | _aRylands v Fletcher and water pollution | ||
| 260 | _c1994 | ||
| 350 | _a0 | ||
| 490 |
_aEstates Gazette _v(9401) 8 January 1994, 108(1) |
||
| 520 | _aA further discussion of strict liability for environmental damage with reference to "Rylands" and "Cambridge Water Co v Eastern Counties Leather plc" (1993). | ||
| 650 | _aFORESEEABILITY | ||
| 650 | _aLIABILITY | ||
| 650 | _aNEGLIGENCE | ||
| 650 | _aPOLLUTION | ||
| 650 | _aRYLANDS V FLETCHER | ||
| 650 | _aWATER SUPPLY | ||
| 690 |
_aEnvironment _96238 |
||
| 942 | _n0 | ||
| 948 | _c04/03/1997 | ||
| 999 |
_c29912 _d29912 |
||